Szöveggyűjtemény. Szerkeszti: K. Jakab Antal. Proust

Elmentve itt :
Bibliográfiai részletek
Szerző: JAKAB K. Antal
Adatforrás:Meister
Forrásdokumentuma:Helikon. -
24 sz., 1995, 11 p.
Nyelv:magyar
Kulcsszavak:irodalomtörténet
PROUST Marcel
LEADER 00378nab a2200133 i 4500
001 bibPRO00009641
008 060524s1995 xx hun
040 |a Sz1 
041 |a hun 
100 1 |a JAKAB K. Antal 
245 1 0 |a Szöveggyűjtemény. Szerkeszti: K. Jakab Antal. Proust  |c JAKAB K. Antal 
695 |a irodalomtörténet 
695 |a PROUST Marcel 
773 0 |t Helikon. -  |g 24 sz., 1995, 11 p.